• 首页
  • 本馆介绍
  • 公告通知
  • 最新文献
  • 馆藏检索
  • 电子资源
  • 读者导购
  • 参考咨询
  • 我的图书馆
  • 登录
  • 详细信息显示
  • 放入我的书架
  • 预约/预借图书
  • 作者相关作品
  • 分类相关作品
  • 丛书相关作品
  • 出版社相关作品

书目信息

  • 表格格式
  • 工作单格式
  • 卡片格式
题名:
老店老馆不老情
    
 
作者: 刘未鸣 , 韩淑芳 主编
分册:  
出版信息: 北京   中国文史出版社  2020
页数: 198页
开本: 24cm
丛书名: 纵横精华
单 册:
中图分类: F279.24
科图分类:
主题词: 老字号--lao zi hao--中国--近现代--史料
电子资源:
ISBN: 978-7-5205-1367-8
000 00930oam2 2200265 450
001 2160503146
005 20210926145259.0
010    @a978-7-5205-1367-8@dCNY38.00
100    @a20200106d2020 em y0chiy0120 ea
101 0  @achi
102    @aCN@b110000
105    @ay z 000yy
106    @ar
200 1  @a老店老馆不老情@Alao dian lao guan bu lao qing@f刘未鸣,韩淑芳主编
210    @a北京@c中国文史出版社@d2020
215    @a198页@d24cm
225 2  @a纵横精华@Azong heng jing hua@h第三辑
330    @a本书收录了《闻名遐迩的“中华老字号”》《漫话解放前的北京饭馆》《北京都一处烧卖馆》《“全素刘”和他的宫廷素菜》《月盛斋马家老铺》《北京六必居老酱园》等文章。
461  0 @12001 @a纵横精华
606 0  @a老字号@Alao zi hao@y中国@z近现代@j史料
690    @aF279.24@v5
701  0 @a刘未鸣@Aliu wei ming@4主编
701  0 @a韩淑芳@Ahan shu fang@4主编
801  0 @aCN@b百万庄@c20210926
905    @b1300463-66@dF279.24@e1739@f4
    
    老店老馆不老情/刘未鸣,韩淑芳主编.-北京:中国文史出版社,2020
    198页;24cm.-(纵横精华.第三辑)
    
    
    ISBN 978-7-5205-1367-8:CNY38.00
    本书收录了《闻名遐迩的“中华老字号”》《漫话解放前的北京饭馆》《北京都一处烧卖馆》《“全素刘”和他的宫廷素菜》《月盛斋马家老铺》《北京六必居老酱园》等文章。
●
相关链接 在E读中查询图书 在五车中查询图书 在当当中查询图书 在豆瓣中查询图书


正题名:老店老馆不老情     索取号:F279.24/1739         预约/预借

序号 登录号 条形码 馆藏地/架位号 状态 备注
1 1300463   213004639   第一样本阅览室/ [索取号:F279.24/1739] 在馆    
2 1300464   213004648   第一借阅区/ [索取号:F279.24/1739] 在馆    
3 1300465   213004657   第一借阅区/ [索取号:F279.24/1739] 在馆    
4 1300466   213004666   第一借阅区/ [索取号:F279.24/1739] 在馆    
唐山师范学院图书馆 欢迎您!
大连网信软件有限公司© 版权所有